000 00312nam a22001337a 4500
008 210301b ||||| |||| 00| 0 eng d
020 _a9780077331535
041 _aeng
080 _24th
_a330.101.542
100 _a52
101 _aMIKRO
245 _aPrinciples of Microeconomics
_cFrank,H.R
942 _2udc
_cBK
999 _c55392
_d55392